| 000 -CABECERA |
| campo de control de longitud fija |
01807nam a22003617a 4500 |
| 003 - IDENTIFICADOR DEL NÚMERO DE CONTROL |
| campo de control |
OSt |
| 005 - FECHA Y HORA DE LA ÚLTIMA TRANSACCIÓN |
| campo de control |
20251105152137.0 |
| 008 - DATOS DE LONGITUD FIJA--INFORMACIÓN GENERAL |
| campo de control de longitud fija |
251105b ||||| |||| 00| 0 spa d |
| 020 ## - NÚMERO INTERNACIONAL ESTÁNDAR DEL LIBRO |
| Número Internacional Estándar del Libro |
9789580716914 |
| 040 ## - FUENTE DE LA CATALOGACIÓN |
| Centro/agencia transcriptor |
CO-Mq BPB |
| 041 0# - CÓDIGO DE LENGUA |
| Código de lengua del texto/banda sonora o título independiente |
spa |
| 043 ## - CÓDIGO DE ÁREA GEOGRÁFICA |
| Código de área geográfica |
s-ck--- |
| 084 ## - OTRO NÚMERO DE CLASIFICACIÓN |
| Número de clasificación |
C |
| Número de documento/Ítem |
ROMg |
| 100 ## - ENTRADA PRINCIPAL--NOMBRE DE PERSONA |
| Nombre de persona |
Román, Celso, |
| Fechas asociadas al nombre |
1947- |
| Término indicativo de función/relación |
aut |
| 9 (RLIN) |
5397 |
| 245 10 - MENCIÓN DE TÍTULO |
| Título |
Gigantes / |
| Mención de responsabilidad, etc. |
Celso Román ; ilustraciones de Alekos ; edición Miguel Ángel Rosado. |
| 250 ## - MENCIÓN DE EDICIÓN |
| Mención de edición |
Edición especial |
| 264 #1 - PRODUCCIÓN, PUBLICACIÓN, DISTRIBUCIÓN, FABRICACIÓN Y COPYRIGHT |
| Producción, publicación, distribución, fabricación y copyright |
Bogotá, Colombia : |
| Nombre del de productor, editor, distribuidor, fabricante |
Susaeta, |
| Fecha de producción, publicación, distribución, fabricación o copyright |
2024 |
| 300 ## - DESCRIPCIÓN FÍSICA |
| Extensión |
34 páginas : |
| Otras características físicas |
ilustraciones a color, tapa rustica; |
| Dimensiones |
22 cm |
| 336 ## - TIPO DE CONTENIDO |
| Término de tipo de contenido |
texto |
| Código de tipo de contenido |
txt |
| Fuente |
rdacontenido |
| 337 ## - TIPO DE MEDIO |
| Nombre/término del tipo de medio |
sin mediación |
| Código del tipo de medio |
n |
| Fuente |
rdamedio |
| 338 ## - TIPO DE SOPORTE |
| Nombre/término del tipo de soporte |
volumen |
| Código del tipo de soporte |
nc |
| Fuente |
rdasoporte |
| 520 ## - SUMARIO, ETC. |
| Sumario, etc. |
Una colección especialmente pensada para motivar a los más pequeños. Con letra grande y manuscrita para facilitar la lectura, y muchos pictogramas divertidos. ¡Adivina su significado o consúltalo en el diccionario que hay en el libro! En esta ocasión los protagonistas son los gigantes. Descubre las mejores historias y las anécdotas más sorprendentes de estos peculiares personajes |
| Identificador Uniforme del Recurso |
<a href="https://www.casadellibro.com.co/libro-leo-y-veo-los-gigantes/9788430594092/710094">https://www.casadellibro.com.co/libro-leo-y-veo-los-gigantes/9788430594092/710094</a> |
| 521 ## - NOTA DE PÚBLICO DESTINATARIO |
| Nota de público destinatario |
Recomendado para un público infantil a partir de los 6 años |
| 545 ## - DATOS BIOGRÁFICOS O HISTÓRICOS |
| Datos biográficos o históricos |
Incluye datos biográficos del autor |
| 650 07 - PUNTO DE ACCESO ADICIONAL DE MATERIA--TÉRMINO DE MATERIA |
| Término de materia o nombre geográfico como elemento de entrada |
Educación ambiental |
| Subdivisión general |
Literatura infantil |
| 9 (RLIN) |
291856 |
| 650 07 - PUNTO DE ACCESO ADICIONAL DE MATERIA--TÉRMINO DE MATERIA |
| Término de materia o nombre geográfico como elemento de entrada |
Conservación de la naturaleza |
| Subdivisión general |
Literatura infantil |
| 9 (RLIN) |
10467 |
| Fuente del encabezamiento o término |
lemb |
| 650 04 - PUNTO DE ACCESO ADICIONAL DE MATERIA--TÉRMINO DE MATERIA |
| Término de materia o nombre geográfico como elemento de entrada |
Cuentos infantiles colombianos |
| Subdivisión cronológica |
Siglo XXI |
| 9 (RLIN) |
576 |
| 650 04 - PUNTO DE ACCESO ADICIONAL DE MATERIA--TÉRMINO DE MATERIA |
| Término de materia o nombre geográfico como elemento de entrada |
Literatura infantil colombiana |
| Subdivisión cronológica |
Siglo XXI |
| 9 (RLIN) |
111975 |
| 700 ## - PUNTO DE ACCESO ADICIONAL--NOMBRE DE PERSONA |
| Nombre de persona |
Alekos, |
| Fechas asociadas al nombre |
1953- , |
| Término indicativo de función/relación |
ill |
| 9 (RLIN) |
281158 |
| 700 ## - PUNTO DE ACCESO ADICIONAL--NOMBRE DE PERSONA |
| Nombre de persona |
Rosado, Miguel Ángel |
| Término indicativo de función/relación |
edt |
| 9 (RLIN) |
291859 |
| 830 ## - PUNTO DE ACCESO ADICIONAL DE SERIE-TÍTULO UNIFORME |
| Título uniforme |
Plan Nacional de lectura y escritura leer es mi cuento |
| 9 (RLIN) |
176561 |
| 942 ## - ELEMENTOS DE PUNTO DE ACCESO ADICIONAL (KOHA) |
| Tipo de ítem Koha |
Libro Infantil |